| 000 | 00812nam a2200241 4500 | ||
|---|---|---|---|
| 003 | OSt | ||
| 005 | 20240729020309.0 | ||
| 006 | a | ||
| 008 | 240729b |||||||| |||| 00| 0 eng d | ||
| 020 | _a978135125663 | ||
| 040 |
_aDWCL-Main lib. _cOC |
||
| 082 |
_2Seventh edition _aCirc. 658.30019 C337a 2011 |
||
| 100 | _aCascio, Wayne F. | ||
| 245 | _aApplied psychology in human resource management / | ||
| 250 | _aSeventh edition | ||
| 260 |
_aBoston : _bPearson Education , Inc. , _cc2011. |
||
| 300 |
_axx, _b531 p. : ill. ; _c26 cm. |
||
| 504 | _aincludes bibliographical references & indexes. | ||
| 650 | _a1. Personnel management-psychologists aspects. | ||
| 650 | _a2. Applied psychology. | ||
| 650 | _a3. Personnel management-United States. | ||
| 942 |
_2ddc _n0 _cBK-CIRC _eSeventh edition _kCirc. |
||
| 999 |
_c2879 _d2879 |
||